Hospodárska diplomacia severských krajín diplomová práca

Salvato in:
Dettagli Bibliografici
Autore principale: Bocora, Ján
Ente Autore: Fakulta medzinárodných vzťahov EU. Katedra medzinárodných ekonomických vzťahov a hospodárskej diplomacie
Altri autori: Csabay, Marek
Natura: Libro
Lingua:slovacco
Pubblicazione: Bratislava 2010
Tags: Aggiungi Tag
Nessun Tag, puoi essere il primo ad aggiungerne!!

MARC

LEADER 00000nam a2200000 4500
001 0121348
005 20240318122231.2
041 0 |a slo 
044 |a SK 
245 1 0 |a Hospodárska diplomacia severských krajín  |b diplomová práca  |c Ján Bocora ; škol. Marek Csabay 
264 1 |a Bratislava  |c 2010 
300 |a 71 s. 
100 1 |a Bocora, Ján 
700 1 |a Csabay, Marek 
710 2 |a Fakulta medzinárodných vzťahov EU. Katedra medzinárodných ekonomických vzťahov a hospodárskej diplomacie